| 000 | 00828nam a22002777a 4500 | ||
|---|---|---|---|
| 999 |
_c14439 _d14439 |
||
| 003 | AR-CdUCM | ||
| 008 | 190423b ||||| |||| 00| 0 spa d | ||
| 020 | _a978-84-16648-70-2 | ||
| 040 |
_aMUNICIPALIDAD PROVINCIAL DEL CUSCO _cBIBLIOTECA MUNICIPAL DEL CUSCO |
||
| 041 | _heng | ||
| 082 |
_aPI / 803 / _bA33 |
||
| 100 |
_aAlaimo, Rino _933208 |
||
| 110 |
_aPicarona _933209 |
||
| 245 | _aEl niño que amaba la luna / | ||
| 260 |
_aBarcelona : _bEdiciones Obelisco, _c2016. |
||
| 300 |
_bilustraciones, graficos, dibujos, _c23 cm. |
||
| 500 | _aCuebtos infantiles | ||
| 650 |
_aCuentos _9217 |
||
| 650 |
_aHistorias _92725 |
||
| 650 |
_aNiños _99390 |
||
| 700 |
_aDelgado, joana _933210 |
||
| 700 |
_aEstrada, Isabel _933211 |
||
| 700 |
_aOlivera, Angeles _933212 |
||
| 942 |
_2ddc _cLIBROS |
||
| 945 |
_apjha _d2019-04-23 |
||